ბათუმის შოთა რუსთაველის სახელმწიფო უნივერსიტეტის ბიბლიოთეკა

Немецкий язык практикум по переводу / (ბიბ.ჩანაწერი № 36327)

000 -LEADER
fixed length control field 00814nam a2200229Ia 4500
001 - CONTROL NUMBER
control field 2235
003 - CONTROL NUMBER IDENTIFIER
control field GE_BSU
005 - DATE AND TIME OF LATEST TRANSACTION
control field 20221021121839.0
008 - FIXED-LENGTH DATA ELEMENTS--GENERAL INFORMATION
fixed length control field 181216s2002ru xx |||||||||||||| ||rus||
020 ## - INTERNATIONAL STANDARD BOOK NUMBER
International Standard Book Number 522202413х
040 ## - CATALOGING SOURCE
Transcribing agency GE_BSU
041 ## - LANGUAGE CODE
Language code of text/sound track or separate title rus
080 ## - UNIVERSAL DECIMAL CLASSIFICATION NUMBER
Universal Decimal Classification number 81'25(811.112) К-78
100 ## - MAIN ENTRY--PERSONAL NAME
Personal name Кравченко, А.П.
9 (RLIN) 15435
245 ## - TITLE STATEMENT
Title Немецкий язык практикум по переводу /
Statement of responsibility, etc. А.П. Кравченко.
264 ## - PRODUCTION, PUBLICATION, DISTRIBUTION, MANUFACTURE, AND COPYRIGHT NOTICE
Place of production, publication, distribution, manufacture Ростов-На Дону :
Name of producer, publisher, distributor, manufacturer Феникс,
Date of production, publication, distribution, manufacture, or copyright notice 2002.
300 ## - PHYSICAL DESCRIPTION
Extent 320 с.:
Other physical details 19 см.
440 ## - SERIES STATEMENT/ADDED ENTRY--TITLE
Title (Серия ,,Учебное пособия)
9 (RLIN) 15436
653 ## - INDEX TERM--UNCONTROLLED
keyword Немецкий язык практикум по переводу
653 ## - INDEX TERM--UNCONTROLLED
keyword გერმანული ენის პრაქტიკული
942 ## - ADDED ENTRY ELEMENTS (KOHA)
Koha item type წიგნი
Source of classification or shelving scheme
ეგზემპლარები
Withdrawn status Lost status Source of classification or shelving scheme Damaged status Not for loan Permanent Location Current Location Shelving location Date acquired Cost, normal purchase price Full call number Barcode Date last seen Copy number Price effective from Koha item type Public note
          ბათუმის შოთა რუსთაველის სახელმწიფო უნივერსიტეტის მთავარი ბიბლიოთეკა ბათუმის შოთა რუსთაველის სახელმწიფო უნივერსიტეტის მთავარი ბიბლიოთეკა წიგნსაცავი 2018-12-17 12.00 81'25(811.112) К-78 4351 2018-12-17 4351 2018-12-17 წიგნი 12.00